Serbia - culture smart!

Salvato in:
Dettagli Bibliografici
Autore principale: Žmukić, Lara
Natura: Libro
Lingua:inglese
Pubblicazione: London Kuperard 2012
Serie:Culture smart!
Soggetti:
Tags: Aggiungi Tag
Nessun Tag, puoi essere il primo ad aggiungerne!!

MARC

LEADER 00000nam a2200000 4500
001 0211268
005 20240315121812.6
020 |a 978-1-85733-659-7 
041 0 |a eng 
044 |a GB 
245 1 0 |a Serbia - culture smart!  |c Lara Žmukić 
264 1 |a London  |b Kuperard  |c 2012 
300 |a 168 s. 
490 1 |a Culture smart! 
830 0 |a Culture smart! 
610 2 0 |a obyvateľstvo 
610 2 0 |a kultúra 
610 2 0 |a história 
610 2 0 |a správanie 
610 2 0 |a zvyklosti kultúrne 
610 2 0 |a etika 
610 2 0 |a štýl životný 
610 2 0 |a úroveň životná 
610 2 0 |a Srbsko 
100 1 |a Žmukić, Lara